| 000 | 01653cam a2200373 a 4500 | ||
|---|---|---|---|
| 001 | 14326656 | ||
| 003 | ARRUPE | ||
| 005 | 20240306103713.0 | ||
| 008 | 060403s2005 ii a f b 001 0 eng d | ||
| 010 | _a 2006295861 | ||
| 015 |
_aGBA559561 _2bnb |
||
| 015 |
_aGBA551073 _2bnb |
||
| 020 | _a8185229988 (Tulika) | ||
| 020 | _a1842776479 (Zed : pbk.) | ||
| 020 | _a1842776460 (Zed : hbk.) | ||
| 035 | _a(OCoLC)ocm60668323 | ||
| 040 |
_aUKM _cUKM _dBWKUK _dBAKER _dDLC |
||
| 042 | _alccopycat | ||
| 050 | 0 | 0 |
_aHD78 _b.O75 2005 |
| 082 | 0 | 4 |
_a338.9009 _222 |
| 245 | 0 | 4 |
_aThe origins of development economics : _bhow schools of economic thought have addressed development / _cedited by Jomo K.S. Jomo, Erik S. Reinert. |
| 260 |
_aNew Delhi : _bTulika Books ; _aLondon ; _aNew York : _bZed ; _aNew York : _bDistributed in the USA exclusively by Palgrave, _c2005. |
||
| 300 |
_axxii, 165 p. : _bill. ; _c25 cm. |
||
| 504 | _aIncludes bibliographical references and index. | ||
| 650 | 0 |
_aDevelopment economics _xHistory. _952511 |
|
| 700 | 0 |
_aJomo K. S. _q(Jomo Kwame Sundaram) _952512 |
|
| 700 | 1 |
_aReinert, Erik S., _d1949- _952513 |
|
| 856 | 4 | 2 |
_3Contributor biographical information _uhttp://www.loc.gov/catdir/enhancements/fy0634/2006295861-b.html |
| 856 | 4 | 2 |
_3Publisher description _uhttp://www.loc.gov/catdir/enhancements/fy0634/2006295861-d.html |
| 856 | 4 | 1 |
_3Table of contents only _uhttp://www.loc.gov/catdir/enhancements/fy0634/2006295861-t.html |
| 906 |
_a7 _bcbc _ccopycat _d2 _encip _f20 _gy-gencatlg |
||
| 942 |
_2lcc _cMONOGRAPH |
||
| 999 |
_c131824 _d131824 |
||